000 00633cab a22001935a 4500
001 L151037
008 100927e2010 xxk 000 0 eng d
035 _a(Sirsi) u151037
041 0 _aeng
100 1 _aWilkinson, Geoff
245 0 4 _aThe Regs
_bas the new Building Regs are just days away, Geoff Wilkinson rounds up Part J
260 _c2010
490 _aArchitects Journal
_v232(11) 23 September 2010, 20(1)
520 _aAn overview of the changes to Building Regulations Part J
_bcombustion appliances and fuel storage systems
590 _aKA
651 4 _aUnited Kingdom
_y
690 _aBUILT ENVIRONMENT
942 _n0
999 _c82702
_d82702